"Трагикомедия исканий" Льва Выготского: опыт реконструкции авторских смыслов (Запись № 12807507)

Подробности
000 -МАРКЕР
контрольное поле 04322nam0a2200457 4500
001 - ИДЕНТИФИКАТОР ЗАПИСИ
контрольное поле RU\NLR\BIBL_A\016244362
005 - ИДЕНТИФИКАТОР ВЕРСИИ
контрольное поле 20260406092452.0
010 ## - МЕЖДУНАРОДНЫЙ СТАНДАРТНЫЙ НОМЕР КНИГИ (ISBN)
Номер (ISBN) 978-5-19-011771-4
Тираж 500
021 ## - НОМЕР ГОСУДАРСТВЕННОЙ РЕГИСТРАЦИИ
Код страны российская федерация
Номер 2022-85353
Номер Листа государственной регистраци КН-П-7546
035 ## - ДРУГИЕ СИСТЕМНЫЕ НОМЕРА
Идентификатор записи (RuMoRGB)011425314
035 ## - ДРУГИЕ СИСТЕМНЫЕ НОМЕРА
Идентификатор записи (NLR Aleph) 016244362
100 ## - ДАННЫЕ ОБЩЕЙ ОБРАБОТКИ
Данные общей обработки 20221221d2022 |||y0rusy50 ca
101 0# - ЯЗЫК РЕСУРСА
Язык текста, звукозаписи и т.д. русский
102 ## - СТРАНА ПУБЛИКАЦИИ ИЛИ ПРОИЗВОДСТВА
Страна публикации российская федерация
105 ## - ПОЛЕ КОДИРОВАННЫХ ДАННЫХ: ТЕКСТОВЫЕ МАТЕРИАЛЫ, МОНОГРАФИЧЕСКИЕ
Кодированные данные о монографическом текстовом документе ah||z||||||z|
181 #1 - ПОЛЕ КОДИРОВАННЫХ ДАННЫХ: ВИД СОДЕРЖАНИЯ
Код вида содержания (ISBD) i3
Код характеристики содержания (ISBD) axxe
182 #1 - ПОЛЕ КОДИРОВАННЫХ ДАННЫХ: ТИП СРЕДСТВА
Код типа средства (ISBD) n - непосредственное
200 1# - ЗАГЛАВИЕ И СВЕДЕНИЯ ОБ ОТВЕТСТВЕННОСТИ
Основное заглавие "Трагикомедия исканий" Льва Выготского: опыт реконструкции авторских смыслов
Первые сведения об ответственности В. С. Собкин
Последующие сведения об ответственности Министерство науки и высшего образования Российской Федерации [и др.]
203 ## - ВИД СОДЕРЖАНИЯ И ТИП СРЕДСТВА
Вид содержания Текст
Дополнительные сведения об издании визуальный
Тип средства непосредственный
210 ## - ПУБЛИКАЦИЯ, РАСПРОСТРАНЕНИЕ И ДР.
Место издания, распространения и т.д. Москва
Имя издателя, распространителя и т. д. Изд-во Московского университета
Дата издания, распространения и т.д. 2022
215 ## - ФИЗИЧЕСКАЯ ХАРАКТЕРИСТИКА
Специфическое обозначение материала и объем 102, [1] с.
Другие сведения о физической характеристике цв. ил., факс.
Размеры 25
300 ## - ОБЩИЕ ПРИМЕЧАНИЯ
Текст примечания Загл. корешка: "Трагикомедия исканий" Льва Выготского
300 ## - ОБЩИЕ ПРИМЕЧАНИЯ
Текст примечания На 4-й с. обл. авт.: д-р психол. нук, проф., засл. деят. науки Рос. Федерации, акад., лауреат премии Президента Рос. Федерации в обл. образования В. С. Собкин
300 ## - ОБЩИЕ ПРИМЕЧАНИЯ
Текст примечания На 3-й с.: к 110-летию рукописи Льва Выготского "Трагикомедия исканий". К 110-летию Психологического института РАО
320 ## - ПРИМЕЧАНИЯ О НАЛИЧИИ В ДОКУМЕНТЕ БИБЛИОГРАФИИ / УКАЗАТЕЛЯ
Текст примечания Библиогр.: с. 77-79 (44 назв.)
327 1# - ПРИМЕЧАНИЯ О СОДЕРЖАНИИ
Текст примечания В прил. публ. факс. воспроизведение рукописи "Трагикомедия исканий"
330 ## - РЕЗЮМЕ ИЛИ РЕФЕРАТ
Текст примечания В книге дан анализ первой рукописи выдающегося психолога XX века Льва Семеновича Выготского, которая сохранилась в семейном архиве Выгодских. Рукопись посвящена его размышлениям по поводу Книги Екклезиаста и датирована 1912 годом. Наиболее вероятно, что 16-летний Выготский писал ее, готовясь к докладу на молодежном философском семинаре в Гомеле. При анализе рукописи особое внимание уделено методам и приемам смыслового понимания, которые использует Выготский при интерпретации Екклезиаста как текста, отражающего изменения ценностных ориентаций в течение жизни. Показано, что уже в первой юношеской работе Выготского затронуты темы и сюжеты, которые будут развиты в его последующих литературно-критических статьях и профессиональных психологических исследованиях. Обосновывается возможность использования подхода Выготского к Екклезиасту для создания проективной методики по изучению динамики смысложизненных ориентаций
516 1# - ЗАГЛАВИЕ НА КОРЕШКЕ [ИЗДАНИЯ]
Заглавие на корешке "Трагикомедия исканий" Льва Выготского
600 #1 - ИМЯ ЛИЦА КАК ПРЕДМЕТ
Начальный элемент ввода Выготский
Часть имени, кроме начального элемента ввода Л. С.
Даты 1896 - 1934
Расширение инициалов личного имени Лев Семенович
Системный номер авторитетной/нормативной записи 1340492
Идентификатор авторитетной/нормативной записи RU\NLR\AUTH\66243789
605 ## - ЗАГЛАВИЕ КАК ПРЕДМЕТ
Начальный элемент ввода Библия
Наименование части Ветхий Завет
-- Екклесиаст
Тематический подзаголовок Толкование
Системный номер авторитетной/нормативной записи 2233663
Идентификатор авторитетной/нормативной записи RU\NLR\AUTH\6601572733
675 ## - УНИВЕРСАЛЬНАЯ ДЕСЯТИЧНАЯ КЛАССИФИКАЦИЯ (UDC/УДК)
Индекс 159.9
Издание 4
686 1# - ИНДЕКСЫ ДРУГИХ КЛАССИФИКАЦИЙ
Индекс Ю91(2)71-730.3
686 1# - ИНДЕКСЫ ДРУГИХ КЛАССИФИКАЦИЙ
Индекс Э37-210.913
700 #1 - ИМЯ ЛИЦА - ПЕРВИЧНАЯ ОТВЕТСТВЕННОСТЬ
Начальный элемент ввода Собкин
Часть имени, кроме начального элемента ввода В. С.
Даты 1948-
Расширение инициалов личного имени Владимир Самуилович
702 #1 - ИМЯ ЛИЦА - ВТОРИЧНАЯ ОТВЕТСТВЕННОСТЬ
Код отношения Автор
Материалы, к которым относится поле rus
Графика поля Кириллица
Начальный элемент ввода Выготский
Часть имени, кроме начального элемента ввода Л. С.
Даты 1896-1934
Расширение инициалов личного имени Лев Семенович
Идентификатор авторитетной/нормативной записи RU\NLR\auth\7763464
Системный номер авторитетной/нормативной записи 46393
942 ## - ДОПОЛНИТЕЛЬНЫЕ ЭЛЕМЕНТЫ ЗАПИСИ (АБИС)
Тип экземпляра АБИС Книга
980 ## - КОЛЛЕКЦИЯ
Название коллекции Национальная библиография
Экземпляры
Тип экземпляра Дата поступления Источник поступления Библиотека постоянного хранения Библиотека текущего хранения Место хранения Шифр хранения Штрих-код Статус не для выдачи
Книга 21.12.2022 Обязательный экземпляр РНБ (Московский) РНБ (Московский) Русский книжный фонд: издания с 1957 года, 8этаж, Хран. 2022-7/9732 1-4096153  
Книга 21.12.2022 Обязательный экземпляр РНБ (Московский) РНБ (Московский) Русский книжный фонд: издания с 1957 года, 8этаж, Хран. 2022-7/9732 1-4096154